| 000 | 00580nam a2200181 u 4500 | ||
|---|---|---|---|
| 001 | 000806445 | ||
| 003 | AM-YEHGA | ||
| 005 | 20250617164223.0 | ||
| 008 | 110428s1962 ||||||||||||||||||||rus|c | ||
| 040 | _aAM-YeHGA | ||
| 041 | 0 | _arus | |
| 245 | 0 | 0 |
_aГорох : _bСборник / _cРед. В.Р. Миненкова. |
| 260 |
_aМосква : _bИзд. Сельскохоз. литер., журналов и плакатов, _c1962. |
||
| 300 |
_a278 с. : _bил. ; _c20 см. |
||
| 650 | 1 | 4 | _aГорох |
| 700 | 1 |
_aМиненков, В.Р. _eред. _4edt |
|
| 090 | _c523454 | ||
| 999 |
_c519891 _d519891 |
||